Statistics for Cat or Other Animal?

Click here to take the quiz!

General Stats

  • This quiz has been taken 94 times
    (78 since last reset)
  • The average score is 42 of 51

Answer Stats

Answer% Correct
Cat
100%
Cat
99%
Cat
90%
Cat
88%
Cat
88%
Cat
88%
Cat
88%
Cat
88%
Cat
87%
Cat
87%
Cat
87%
Cat
87%
Other Animal
85%
Other Animal
85%
Cat
84%
Cat
84%
Other Animal
84%
Other Animal
84%
Cat
82%
Cat
82%
Cat
82%
Cat
82%
Cat
82%
Other Animal
82%
Other Animal
82%
Other Animal
82%
Other Animal
82%
Cat
81%
Cat
81%
Cat
81%
Cat
81%
Cat
81%
Cat
81%
Cat
81%
Cat
81%
Other Animal
81%
Other Animal
79%
Other Animal
79%
Other Animal
79%
Other Animal
79%
Other Animal
79%
Other Animal
79%
Other Animal
79%
Other Animal
79%
Other Animal
79%
Other Animal
79%
Other Animal
79%
Other Animal
79%
Other Animal
79%
Other Animal
79%
Other Animal
79%

Score Distribution

Percentile by Number Answered

Percent of People with Each Score

Your Score History

You have not taken this quiz since the last reset